| 000 | 00571cam a2200205 4500 | ||
|---|---|---|---|
| 001 | D6930 | ||
| 008 | 090401t xxu||||| |||| 00| 0 eng d | ||
| 035 | _a(Sirsi) u3985 | ||
| 041 | _aeng | ||
| 050 | _a692.809595 | ||
| 110 |
_aMalaysia. Institution of Surveyors _9387 |
||
| 245 | _aAgreement and schedule of conditions of building contract | ||
| 250 | _aRev | ||
| 260 |
_aKuala Lumpur _bThe Institution of Surveyors |
||
| 300 | _a20p. 12 leaves. 30cm | ||
| 350 | _a0 | ||
| 520 | _aCover title: Private edition (with quantities) | ||
| 942 | _n0 | ||
| 948 | _c04/03/1997 | ||
| 999 |
_c85980 _d85980 |
||